Online Catalogue and eLibrary

Sex selective abortion in India (Record no. 4522)

MARC details
000 -LEADER
fixed length control field 00514nam a2200181Ia 4500
005 - DATE AND TIME OF LATEST TRANSACTION
control field 20240711014943.0
008 - FIXED-LENGTH DATA ELEMENTS--GENERAL INFORMATION
fixed length control field 240331s9999 xx 000 0 und d
020 ## - INTERNATIONAL STANDARD BOOK NUMBER
ISBN 0761935398
082 ## - DDC Classification
Item Number - Author Mark SEX
245 #0 - TITLE STATEMENT
Title Sex selective abortion in India
Remainder of title Gender, Society and New Reproductive Technologies
260 ## - PUBLICATION, DISTRIBUTION, ETC.
Place of publication, distribution, etc. New Delhi
Name of publisher, distributor, etc. Sage Publications India Pvt Ltd.
Date of publication, distribution, etc. 2007
300 ## - PHYSICAL DESCRIPTION
Extent (e.g. Volumes, Pages etc.) 432 p .,
650 ## - SUBJECT ADDED ENTRY--TOPICAL TERM
Topical term or geographic name entry element Abortion - india
650 ## - SUBJECT ADDED ENTRY--TOPICAL TERM
Topical term or geographic name entry element Sexism
650 ## - SUBJECT ADDED ENTRY--TOPICAL TERM
Topical term or geographic name entry element Sex Distribution
700 ## - ADDED ENTRY--PERSONAL NAME
Personal name Patel, Tulsi
Relator term (Role) Editor
942 ## - Koha item type (Biblio)
Koha item type Books in Stacks (Lending)
Holdings
Lost status Damaged status Collection code Home library Current library Shelving location Date acquired Full call number Accession Number Item type
    Lending WERC Library WERC Library Social Science Cupboard 03/31/2024 179.76 SEX 6173 Books in Stacks (Lending)

© WERC Library